Transformadas de Laplace
Salvato in:
| Autore principale: | |
|---|---|
| Natura: | Libro |
| Lingua: | spagnolo |
| Pubblicazione: |
Ciudad de México
McGraw-Hill
1991
|
| Serie: | Schaum
|
| Soggetti: | |
| Tags: |
Aggiungi Tag
Nessun Tag, puoi essere il primo ad aggiungerne!!
|
MARC
| LEADER | 00000nam a2200000 a 4500 | ||
|---|---|---|---|
| 001 | UCY0075 | ||
| 003 | CL-VaPUC | ||
| 008 | 940708e19910000MX |||||||||||||||||spa|d | ||
| 020 | |a 9701021711 | ||
| 082 | 0 | 4 | |a 515.723 |b SPI |2 21 |
| 100 | 0 | |a Spiegel, Murray R |e author |9 366 | |
| 245 | 1 | 0 | |a Transformadas de Laplace |
| 300 | |a 261 p | ||
| 942 | |c BK | ||
| 945 | |d 19940708 00:00:00 |a mfernand | ||
| 260 | |a Ciudad de México |b McGraw-Hill |c 1991 | ||
| 650 | 0 | |a Transformaciones de Laplace |9 260072 | |
| 583 | |a last modification |c 20120924 13:44:06 |k Rodrigo Vera | ||
| 490 | 0 | |a Schaum | |
| 999 | |c 229165 |d 229163 | ||
| 952 | |0 0 |1 0 |2 ddc |4 0 |6 515_723000000000000_SPI_1991 |7 0 |8 A |9 229859 |a BIBING |b BIBING |c RES |d 2019-11-15 |i 2993643 |o 515.723 SPI 1991 |p 2993643 |r 2025-01-20 |w 2019-11-15 |y BK |k ING | ||
| 952 | |0 0 |1 0 |2 ddc |4 0 |6 515_723000000000000_SPI_1991 |7 0 |8 A |9 229860 |a BIBING |b BIBING |c RES |d 2019-11-15 |i 2993651 |o 515.723 SPI 1991 |p 2993651 |r 2025-01-20 |w 2019-11-15 |y BK |k ING | ||
| 952 | |0 0 |1 0 |2 ddc |4 0 |6 515_723000000000000_SPI_1991 |7 0 |8 A |9 229861 |a BIBING |b BIBING |c RES |d 2019-11-15 |i 299366K |o 515.723 SPI 1991 |p 299366K |r 2025-01-20 |w 2019-11-15 |y BK |k ING | ||
| 952 | |0 0 |1 0 |2 ddc |4 0 |6 515_723000000000000_SPI_1991 |7 0 |8 A |9 229862 |a BIBING |b BIBING |c RES |d 2019-11-15 |i 2993678 |o 515.723 SPI 1991 |p 2993678 |r 2025-01-20 |w 2019-11-15 |y BK |k ING | ||
| 952 | |0 0 |1 0 |2 ddc |4 0 |6 515_723000000000000_SPI_1991 |7 0 |8 A |9 229863 |a BIBING |b BIBING |c RES |d 2019-11-15 |i 2993686 |o 515.723 SPI 1991 |p 2993686 |r 2025-01-20 |w 2019-11-15 |y BK |k ING | ||
| 952 | |0 0 |1 0 |2 ddc |4 0 |6 515_723000000000000_SPI_1991 |7 0 |8 A |9 229867 |a BIBING |b BIBING |c RES |d 2019-11-15 |i 3257460 |o 515.723 SPI 1991 |p 3257460 |r 2025-01-20 |w 2019-11-15 |y BK |k EIB | ||
| 952 | |0 0 |1 0 |2 ddc |4 0 |6 515_723000000000000_SPI_1991 |7 0 |8 A |9 229868 |a BIBING |b BIBING |c RES |d 2019-11-15 |i 3257479 |o 515.723 SPI 1991 |p 3257479 |r 2025-01-20 |w 2019-11-15 |y BK |k EIB | ||
| 952 | |0 0 |1 0 |2 ddc |4 0 |6 515_723000000000000_SPI_1991 |7 0 |8 A |9 229869 |a BIBING |b BIBING |c RES |d 2019-11-15 |i 3257487 |o 515.723 SPI 1991 |p 3257487 |r 2025-01-20 |w 2019-11-15 |y BK |k EIB | ||
| 952 | |0 0 |1 0 |2 ddc |4 0 |6 515_723000000000000_SPI_1991 |7 0 |8 A |9 229870 |a BIBING |b BIBING |c RES |d 2019-11-15 |i 3257495 |o 515.723 SPI 1991 |p 3257495 |r 2025-01-20 |w 2019-11-15 |y BK |k EIB | ||
| 952 | |0 0 |1 0 |2 ddc |4 0 |6 515_723000000000000_SPI_1991 |7 0 |8 A |9 229872 |a BIBMEC |b BIBMEC |d 2019-11-15 |i 4134044 |o 515.723 SPI 1991 |p 4134044 |r 2024-01-19 |w 2019-11-15 |y BK_P |k MEC | ||